Kodaň - brána do Škandinávie
Historický a územný vývoj metropoly Dánska. Rozvoj nového mesta. Rozloha a počet obyvateľov. Funkcia metropoly. Pamätihodnosti a atraktivity mesta a okolia. Mentalita a spôsob života. Kodaň - mesto budúcnosti, jeho ambície a projekty.
Salvato in:
| Autore principale: | |
|---|---|
| Natura: | Capitolo di libro |
| Lingua: | slovacco |
| Soggetti: | |
| Tags: |
Nessun Tag, puoi essere il primo ad aggiungerne!!
|
MARC
| LEADER | 00000naa a2200000 4500 | ||
|---|---|---|---|
| 001 | r042256 | ||
| 005 | 20230810110115.3 | ||
| 041 | 0 | |a slo | |
| 044 | |a SK | ||
| 245 | 1 | 0 | |a Kodaň - brána do Škandinávie |c Ľubica Pedersenová |
| 520 | |a Historický a územný vývoj metropoly Dánska. Rozvoj nového mesta. Rozloha a počet obyvateľov. Funkcia metropoly. Pamätihodnosti a atraktivity mesta a okolia. Mentalita a spôsob života. Kodaň - mesto budúcnosti, jeho ambície a projekty. | ||
| 610 | 2 | 0 | |a Dánsko |
| 610 | 2 | 0 | |a geografia |
| 610 | 2 | 0 | |a geografia hospodárska |
| 610 | 2 | 0 | |a geografia sociálna |
| 610 | 2 | 0 | |a história |
| 610 | 2 | 0 | |a mestá |
| 610 | 2 | 0 | |a Kodaň |
| 100 | 1 | |a Pedersenová, Ľubica | |